Responses for Show #8910 - Friday, July 7, 2023

Contestants

[<< previous game]

Raquel Stewart, an accountant from Austin, Texas

Tom Zulewski, a sports writer and author from Washington, Utah

Alex Gordon, a medical student from Somers, New York (whose 1-day cash winnings total $25,000)

[next game >>]

Jeopardy! Round responses

I'VE GOT YOUR ATOMIC NUMBER
HISTORICAL HODGEPODGE
SEEING RIGHT THROUGH YOU
EAGLES
HOTEL CALIFORNIA
TAKE IT "E-Z"
    $200 5
calcium

Alex
    $200 24
(Tom: Who is [last name only] [*]?)
(Ken: One more time.)

Saddam Hussein

Tom
    $200 20
vodka

Raquel
    $200 30
(Alex: What is Frosty the Snowman?)
...
(Ken: Yeah, in Philly, they even boo [*].)

Santa Claus

AlexTom
    $200 26
the Oscars

Tom
    $200 9
a rendezvous

Tom
    $400 3
(Tom: What's rust?)

silver

AlexTom
    $400 11
Gutenberg

Alex
    $400 17
a Petri dish

Raquel
    $400 25
(Dwyane) Wade

Alex
    $400 29
LEGOLAND

Alex
    $400 6
Ezekiel

Alex
    $600 2
fluorine

Alex
    $600 12
Ebola

Raquel
    $1,000 10
(Tom: What is...)
(Ken: Say something.)
(Tom: The Thin Man?)

The Invisible Man

Tom
    $600 19
the Heisman Trophy

Alex
    $600 13
(Raquel: What is the Bel-Air?)

the Beverly Hills Hotel

TomRaquel
    $600 7
pince-nez

Raquel
    $800 1
potassium

Alex
    $800 22
the Stamp Act

Raquel
    $800 16
the cornea

Alex
    $800 14
the Premier League

Tom
    $800 28
Death Valley

Raquel
    $800 8
an intermezzo

Alex
    $1000 4
(Raquel: What is cadmium?)
(Tom: What's lithium?)
(Alex: What is copper?)

cobalt

AlexTomRaquel
Triple Stumper
    $1000 23
Trafalgar

Alex
    $1000 21
Portugal

Raquel
    $1000 15
Eastern Michigan University

Tom
    $1000 27
Santa Catalina

Raquel
    $1000 18
klezmer

Alex

Scores at the first commercial break (after clue 15):

Alex Tom Raquel
$2,600 $200 -$400

Scores at the end of the Jeopardy! Round:

Alex Tom Raquel
$6,600 $800 $3,800

Double Jeopardy! Round responses

A BRIDGE TOO FAR
COUNTRY SINGERS IN COUNTRY SONGS
ANCIENT ARTIFACTS
WE LIVE IN A SOCIETY
BEHIND THE BOND
ONLY ONE CONSONANT
    $400 25
China

Raquel
    $400 27
[Ken read the ":00" as "time".]

5:00

Alex
    $400 24
bronze

Alex
    $400 14
YouTube

Raquel
    $400 23
Cousteau

Alex
    $400 2
doe

Raquel
    $800 20
Churchill

Alex
    $800 28
(Raquel: Who is [*] Carter?)

June

Raquel
    $800 8
(Alex: What is a snake?)
(Ken: More specifically?)

a cobra

Alex
    $800 10
individualism

Raquel
    $800 16
Goldfinger

Raquel
    $800 3
oak

Alex
    $1200 21
(Raquel: What is an aqueduct?)

New Bridge (Puente Nuevo)

Raquel
Triple Stumper
    $1200 1
Taylor Swift

Raquel
    $1200 19
the Pleiades

Alex
    $1200 11
Nickel and Dimed

Raquel
    $1200 15
Diamonds are Forever

Alex
    $1200 6
ciao

Alex
    $1600 22
(Ken: It's Venice's [*].)

Rialto Bridge

Triple Stumper
    $1600 29
Hank Williams Jr.

Tom
    $2,500 7
Troy

Alex
    $1600 12
Du Bois

Raquel
    $4,000 17
(Ken: Raquel?)
(Raquel: [Shakes head])

the Enigma machine

Raquel
    $1600 4
aide

Raquel
    $2000 26
(Alex: [Sighs] COUNTRY SONGS for $400.)
(Ken: You seem excited.)

the Orange

Alex
    $2000 30
Charley Pride

Tom
    $2000 9
Minoans

Alex
    $2000 13
(Alex: Who is Sartre?)
...
(Ken: That's the smoldering gaze of [*].)

Michel Foucault

Alex
Triple Stumper
    $2000 18
(Alex: What is a Luger?)

a Walther (PPK)

Alex
Triple Stumper
    $2000 5
(Tom: What's algae?)

ooze

Tom
Triple Stumper

Scores at the end of the Double Jeopardy! Round:

Alex Tom Raquel
$16,300 $2,400 $7,800
(lock game)

[wagering suggestions for these scores]

Final Jeopardy! Round responses

HISTORY & NATURE
(Ken: [To Raquel] Cortés arrived with the first [*] seen in America in millennia.)
TomWhat is alligators?
$2,300
RaquelWhat is the horse?
$5,000
AlexWhat are horses?
$200
horses

Final scores:

Alex Tom Raquel
$16,500 $100 $12,800
2-day champion: $41,500 3rd place: $1,000 2nd place: $2,000

Game dynamics:

Coryat scores:

Alex Tom Raquel
$15,400 $3,400 $11,800
25 R
(including 1 DD),
4 W
9 R,
4 W
(including 1 DD)
18 R,
4 W
(including 1 DD)

Combined Coryat: $30,600

[game clues] [game scores] [suggest correction]

Game tape date: 2023-05-16
The J! Archive is created by fans, for fans. Scraping, republication, monetization, and malicious use prohibited; this site may use cookies and collect identifying information. See terms. The Jeopardy! game show and all elements thereof, including but not limited to copyright and trademark thereto, are the property of Jeopardy Productions, Inc. and are protected under law. This website is not affiliated with, sponsored by, or operated by Jeopardy Productions, Inc. Join the discussion at JBoard.tv.